000 01656nab a2200217 a 4500
005 20210219162517.0
008 991125s1985 mx 000 0 spa u
035 _aUPN01000205635
049 _aART
100 1 _aBelarra, Ione
222 0 _aREVISTA DE ESTUDIOS DE JUVENTUD
245 0 0 _aConstrucción de subjetividades en tiempos de emprendimiento
260 _aESPAÑA
300 _a149-164
362 0 _a2015 Número 107, marzo
520 _aEn toda Europa y también en España estamos asistiendo en los últimos años a un auge sin precedentes de los programas educativos orientados a fomentar el emprendimiento en las personas más jóvenes, tanto en su vertiente social como en su vertiente empresarial. El trabajo propone un análisis cualitativo en profundidad de tipo temático de dos de estos programas que pone de relieve sus aspectos comunes y sus diferencias. Como resultado de dicho análisis se observa que ambos fomentan, en distinta medida las habilidades meta cognitivas del alumnado; es decir, la planificación, la supervisión y la evaluación. Sin embargo, muestra también que estos programas no contribuyen por igual a que los y las jóvenes desarrollen su pensamiento crítico y desplieguen un papel activo ante el aprendizaje y la vida. Finalmente se proponen algunas reflexiones generales sobre los programas de fomento del emprendimiento con el objetivo de contribuir a que los distintos agentes de la comunidad educativa tomen decisiones reflexivas y conscientes sobre su participación o no en los mismos
653 0 _aEMPRENDIMIENTO
653 0 _aJOVENES
653 0 _aPENSAMIENTO CRITICO
905 _aArticulo
999 _c177736
_d177736